IMF Governance Reform.

This paper reviews progress under the Fund's strengthened cooperative strategy on overdue financial obligations. Since the last review, total arrears to the Fund declined by SDR 17.5 million to SDR 1,309.5 million. Payments to the Fund by Sudan and Zimbabwe were in excess of new obligations fal...

Mô tả đầy đủ

Chi tiết về thư mục
Tác giả của công ty: International Monetary Fund
Định dạng: Tạp chí
Ngôn ngữ:English
Được phát hành: Washington, D.C. : International Monetary Fund, 2010.
Loạt:Policy Papers; Policy Paper ; No. 2010/069
Những chủ đề:
Truy cập trực tuyến:Full text available on IMF
LEADER 01667cas a2200313 a 4500
001 AALejournalIMF020023
008 230101c9999 xx r poo 0 0eng d
020 |c 5.00 USD 
020 |z 9781498337137 
022 |a 2663-3493 
040 |a BD-DhAAL  |c BD-DhAAL 
110 2 |a International Monetary Fund. 
245 1 0 |a IMF Governance Reform. 
264 1 |a Washington, D.C. :  |b International Monetary Fund,  |c 2010. 
300 |a 1 online resource (20 pages) 
490 1 |a Policy Papers 
500 |a <strong>Off-Campus Access:</strong> No User ID or Password Required 
500 |a <strong>On-Campus Access:</strong> No User ID or Password Required 
506 |a Electronic access restricted to authorized BRAC University faculty, staff and students 
520 3 |a This paper reviews progress under the Fund's strengthened cooperative strategy on overdue financial obligations. Since the last review, total arrears to the Fund declined by SDR 17.5 million to SDR 1,309.5 million. Payments to the Fund by Sudan and Zimbabwe were in excess of new obligations falling due, and a decrease in Somalia's arrears resulted from the full settlement of its overdue obligations to the SDR Department in the context of the general SDR allocation in August 2009. 
538 |a Mode of access: Internet 
650 7 |a Board Of Governors  |2 imf 
650 7 |a Committee  |2 imf 
650 7 |a Director  |2 imf 
650 7 |a Executive Director  |2 imf 
650 7 |a PP  |2 imf 
651 7 |a United States  |2 imf 
830 0 |a Policy Papers; Policy Paper ;  |v No. 2010/069 
856 4 0 |z Full text available on IMF  |u http://elibrary.imf.org/view/journals/007/2010/069/007.2010.issue-069-en.xml  |z IMF e-Library